000 00537nam a2200205Ia 4500
001 14863
003 GE_BSU
008 181216s||||||||xx |||||||||||||| ||und||
040 _cGE_BSU
080 _a519.6
100 _aБезикович,Я.С.
245 _aПриближенные вычисления
245 _cРед.А.И.Чекмарев
260 _aМ-Л
260 _bГостехиздат
260 _c1949
300 _a463стр.20см.
653 _aПриближенные вычисления
942 _cBK
999 _c47985
_d47985